| 000 | 00000nam##2200000za#4500 |
| 001 | 9.699076 |
| 003 | CaOODSP |
| 005 | 20210625000223 |
| 007 | cr ||||||||||| |
| 008 | 150407|1988||||xxc|||||o f|0| 0 eng|d |
| 040 | |aCaOODSP|beng |
| 043 | |an-cn--- |
| 086 | 1 |aA43-1789/1988E-PDF |
| 110 | 1 |aCanada.|bAgriculture Canada. |bCommunications Branch. |
| 245 | 10|aOutbreak alert |h[electronic resource] |
| 260 | |bAgriculture Canada. |c1985, reprinted 1988. |
| 300 | |a6p.|billus. |
| 500 | |aHistorical publication digitized by Agriculture and Agri-Food Canada. |
| 590 | |a14-11-Supp|b2014-05-21 |
| 690 | 07|aAnimal diseases|2gcpds |
| 690 | 07|aFood safety|2gcpds |
| 775 | 08|tGare aux maladies exotiques |w(CaOODSP)9.643059 |
| 856 | 40|ahttp://publications.gc.ca|qPDF|s598 KB|uhttps://publications.gc.ca/collections/collection_2014/aac-aafc/agrhist/A43-1789-1988-eng.pdf |
| 986 | |a1789/B |